English translation of Welsh nouns: animals - Statistics

General Stats
  • This quiz has been taken 24 times
  • The average score is 22 of 32
Answer Stats
Welsh English % Correct
cath cat
100%
eliffant elephant
100%
ci dog
94%
dolffin dolphin
94%
draig dragon
94%
mwnci monkey
94%
buwch cow
88%
mochyn pig
88%
teigr tiger
88%
pili pala butterfly
81%
pysgod fish
81%
ceffyl horse
81%
llew lion
81%
siark shark
81%
aderyn bird
75%
arth bear
69%
dafad sheep
69%
cranc crab
56%
carw deer
56%
gafr goat
56%
iâr hen
56%
blaidd wolf
56%
hwyaden duck
50%
cwningen rabbit
50%
neidr snake
50%
gwenynen bee
44%
copyn spider
44%
morfil whale
44%
llygoden mouse
38%
crwban tortoise
38%
pryf insect
31%
tylluan owl
31%
No matching quizzes found
Score Distribution
Percent of People with Each Score
Percentile by Number Answered
Your Score History
You have not taken this quiz